书目信息 |
| 题名: |
机动车安全驾驶法律法规
|
|
| 作者: | 胡元斌 主编 | |
| 分册: | ||
| 出版信息: | 汕头 汕头大学出版社 2018.1 |
|
| 页数: | 288页 | |
| 开本: | 22cm | |
| 丛书名: | 机动车辆管理法律法规学习读本 | |
| 单 册: | ||
| 中图分类: | D922.144 | |
| 科图分类: | ||
| 主题词: | 机动车--交通运输管理--法规--中国--学习参考资料 | |
| 电子资源: | ||
| ISBN: | 978-7-5658-3446-2 | |
| 000 | 01148oam2 2200253 45 | |
| 001 | 012001003010 | |
| 005 | 20140926114740.0 | |
| 010 | @a978-7-5658-3446-2@dCNY29.80 | |
| 100 | @a20180118d2018 em y0chiy0110 ea | |
| 101 | 0 | @achi |
| 102 | @aCN@b440000 | |
| 105 | @ay z 000yy | |
| 106 | @ar | |
| 200 | 1 | @a机动车安全驾驶法律法规@9ji dong che an quan jia shi fa lv fa gui@f胡元斌主编 |
| 210 | @a汕头@c汕头大学出版社@d2018.1 | |
| 215 | @a288页@d22cm | |
| 225 | 2 | @a机动车辆管理法律法规学习读本 |
| 330 | @a本作品包括了广大人民群众应知应懂、实际实用的有关机动车辆管理法律法规,同时附录还列举了相应的解读解答、案例分析、实施细则、政策制度、应用表格等内容,用以配套辅导学习。本套作品共计2册,分别是:《机动车安全驾驶法律法规》《机动车综合管理法律法规》。其中《机动车安全驾驶法律法规》包括《中华人民共和国机动车登记规定》《机动车登记工作规范》《机动车驾驶证申领和使用规定》等法律法规内容。 | |
| 461 | 0 | @12001 @a机动车辆管理法律法规学习读本 |
| 606 | 0 | @a机动车@x交通运输管理@x法规@y中国@j学习参考资料 |
| 690 | @aD922.144@v5 | |
| 701 | 0 | @a胡元斌@9hu yuan bin@4主编 |
| 801 | 0 | @aCN@b上海新华@c20180901 |
| 905 | @b1161930-4@dD922.144@e1961@f5 | |
| 机动车安全驾驶法律法规/胡元斌主编.-汕头:汕头大学出版社,2018.1 |
| 288页;22cm.-(机动车辆管理法律法规学习读本) |
| ISBN 978-7-5658-3446-2:CNY29.80 |
| 本作品包括了广大人民群众应知应懂、实际实用的有关机动车辆管理法律法规,同时附录还列举了相应的解读解答、案例分析、实施细则、政策制度、应用表格等内容,用以配套辅导学习。本套作品共计2册,分别是:《机动车安全驾驶法律法规》《机动车综合管理法律法规》。其中《机动车安全驾驶法律法规》包括《中华人民共和国机动车登记规定》《机动车登记工作规范》《机动车驾驶证申领和使用规定》等法律法规内容。 |
| ● |
| 相关链接 |
|
|
|
|
正题名:机动车安全驾驶法律法规
索取号:D922.144/1961
 
预约/预借
| 序号 | 登录号 | 条形码 | 馆藏地/架位号 | 状态 | 备注 |
| 1 | 1161930 | 211619300 | 第一样本阅览室/ [索取号:D922.144/1961] | 在馆 | |
| 2 | 1161931 | 211619319 | 密集书库-史法系/ [索取号:D922.144/1961] | 在馆 | |
| 3 | 1161932 | 211619328 | 第一借阅区/ [索取号:D922.144/1961] | 在馆 | |
| 4 | 1161933 | 211619337 | 第一借阅区/ [索取号:D922.144/1961] | 在馆 | |
| 5 | 1161934 | 211619346 | 第一借阅区/ [索取号:D922.144/1961] | 在馆 |